000 00643cab a2200217 4500
001 WB3406-03
008 090401t1998 xxu||||| |||| 00| 0 eng d
035 _a(Sirsi) u84160
041 _aeng
245 _aNew construction orders
260 _c1998
350 _a0
490 _aDETR News Release
_v(078/ENV) 5 February 1998, (17)
520 _aThe total number of new construction orders in 1997 was five per cent higher than in 1996, according to the DoE.
650 _aCONSTRUCTION MARKET
650 _aNEW ORDERS
650 _aSTATISITCS
690 _aBUILDING AND CONSTRUCTION-ECONOMICS
942 _n0
948 _c10/02/1998
999 _c52879
_d52879